000
00311nam a2200133Ia 4500
008
191201s2009 xx 000 0 und d
100
_a
STONIER, Alfred.W
245
0
_a
Textbook of Economic Theory
250
_a
IMP 2nd
260
_a
N.Delhi
_b
Pearson
_c
2009
300
_a
699
650
_a
MBA
942
_2
ddc
_c
BK
999
_c
4136
_d
4136